Medzinárodne v oblasti liečby a resocializácie

Bibliographic Details
Main Author: Šarmírová, Milica (Author)
Format: Article
Language:Slovak
ISSN:1335-4477
Subjects:

MARC

LEADER 00000nab a2200000 a 4500
001 vtls008954493
003 SK-MaSNL
005 20260303070322.0
008 140303c2007 xo wrzp 0 0slo
015 |a SNBRB2007/02  |2 snkbucl 
040 |a SNKBUCL  |b slo  |c SNKBUCL  |e AACR2 
041 0 |a slo 
044 |a xo  |c SK 
080 |a 613.83  |x (437.6)  |2 1997 
100 1 |a Šarmírová, Milica  |4 aut  |9 839734 
245 1 0 |a Medzinárodne v oblasti liečby a resocializácie  |c Milica Šarmírová 
610 2 7 |a Národný program boja proti drogám (Slovensko)  |2 snkbucl  |9 895362 
650 0 7 |a drogová závislosť  |2 snkbucl  |9 1551 
773 0 |t Zdravotnícke noviny  |g Roč. XII, č. 8 (2007), s. 13  |x 1335-4477 
852 |a SNK  |b KIS3GCP 
958 |a MI 
958 |a SK 
999 |c 1754861  |d 1756791